000 00558nam a2200145Ia 4500
008 151213s9999 xx 000 0 und d
100 _aমুফতী মো: শাফী (রহ:)।
245 _aচার ইমামের জীবনী
_cমুফতী মো: শাফী (রহ:)।
260 _aঢাকা
_bসোলেমানিয়া বুক হাউস।
_c2004
300 _a10970 p.
650 _aBangla
650 _aইসলামী বই
700 _aমুফতী মো: শাফী (রহ:)।
999 _c4942
_d4942